Safe care in paediatrics / (Record no. 99080)

MARC details
000 -LEADER
fixed length control field 01048nam a22003257a 4500
003 - CONTROL NUMBER IDENTIFIER
control field URS
005 - DATE AND TIME OF LATEST TRANSACTION
control field 20260407103131.0
007 - PHYSICAL DESCRIPTION FIXED FIELD--GENERAL INFORMATION
fixed length control field co ugu||||||||
008 - FIXED-LENGTH DATA ELEMENTS--GENERAL INFORMATION
fixed length control field 260316b |||||||| |||| 00| 0 eng d
020 ## - INTERNATIONAL STANDARD BOOK NUMBER
International Standard Book Number 978-0-44310-885-3
040 ## - CATALOGING SOURCE
Language of cataloging English
Transcribing agency URS
Description conventions rda
050 00 - LIBRARY OF CONGRESS CALL NUMBER
Classification number RJ245
Item number .Sa171 2025
245 10 - TITLE STATEMENT
Title Safe care in paediatrics /
Statement of responsibility, etc Alf Nicholson...[and three others].
250 ## - EDITION STATEMENT
Edition statement 1st edition.
264 #1 - PUBLICATION, DISTRIBUTION, ETC. (IMPRINT)
Place of publication, distribution, etc India :
Name of publisher, distributor, etc Elsevier
Date of publication, distribution, etc ©2025.
300 ## - PHYSICAL DESCRIPTION
Extent xvi, 247 pages ;
Other physical details color illustrations ;
Dimensions 24 cm.
336 ## - CONTENT TYPE
Content type term text
Content type code txt
Source rdacontent
337 ## - MEDIA TYPE
Media type term unmediated
Media type code n
Source rdamedia
338 ## - CARRIER TYPE
Carrier type term volume
Carrier type code nc
Source rdacarrier
504 ## - BIBLIOGRAPHY, ETC. NOTE
Bibliography, etc Includes bibliographical references and index.
650 #0 - SUBJECT ADDED ENTRY--TOPICAL TERM
Topical term or geographic name as entry element Pediatrics.
9 (RLIN) 4225
650 #0 - SUBJECT ADDED ENTRY--TOPICAL TERM
Topical term or geographic name as entry element Clinical medicine.
9 (RLIN) 6736
655 #7 - INDEX TERM--GENRE/FORM
Genre/form data or focus term Handbooks, manuals, etc.
Source of term fast
Authority record control number (OCoLC)fst01423877
700 1# - ADDED ENTRY--PERSONAL NAME
Personal name Nicholson, Alf,
Relator term author.
700 1# - ADDED ENTRY--PERSONAL NAME
Personal name Murphy, John,
Relator term author.
700 1# - ADDED ENTRY--PERSONAL NAME
Personal name Taaffe, Sarah,
Relator term author.
700 1# - ADDED ENTRY--PERSONAL NAME
Personal name Dunne, Kevin,
Relator term author.
776 08 - ADDITIONAL PHYSICAL FORM ENTRY
Display text ebook version
International Standard Book Number 9781909368385
942 ## - ADDED ENTRY ELEMENTS (KOHA)
Source of classification or shelving scheme Library of Congress Classification
Koha item type Reserved Books
Holdings
Withdrawn status Lost status Source of classification or shelving scheme Damaged status Not for loan Collection code Home library Current library Shelving location Date acquired Source of acquisition Cost, normal purchase price Total Checkouts Full call number Barcode Date last seen Copy number Cost, replacement price Price effective from Koha item type
    Library of Congress Classification     Non-fiction Taytay College Library Taytay College Library Medicine Collection 03/16/2026 Purchased 5001.00   RJ245 .Sa171 2025 URSTAY-5994 03/16/2026 1 5001.00 03/16/2026 Reserved Books

University of Rizal System
Email us at univlibservices@urs.edu.ph

Visit our Website www.urs.edu.ph/library